| 000 | 00493nam a2200181Ia 4500 | ||
|---|---|---|---|
| 005 | 20250326130137.0 | ||
| 008 | 250326s9999 xx 000 0 und d | ||
| 037 | _aTextbook | ||
| 040 |
_aFMSL _beng _cFMSL |
||
| 041 |
_aeng _2eng |
||
| 084 |
_aX:72 K7 _qFMSL |
||
| 100 | _aJohri C K | ||
| 245 | 0 |
_aUnionism in a developing economy _cJohri C K |
|
| 260 |
_aNew Delhi _bNew Delhi, Shri Ram Centre _c1967 |
||
| 300 | _a303p | ||
| 942 |
_cTB _hX:72 K7 |
||
| 999 |
_c1281136 _d1281136 |
||